000 01074nam a22003257a 4500
001 0024328
003 KOHA_MİRAKIL
005 20260207002437.0
007 ta
008 101112b2008 tu |||gr||||#||||0|tur |
020 _a 9789750207877
_c8,6999999999999993
040 _aTR-BiSEU
_btur
_cTR-BiSEU
_erda
041 0 _atur
044 _ctu
050 _aTK1141
_b.S44 2008
100 1 _aSelek, Hasan Selçuk.
245 1 _aAlternatif akım (AC) devre analizi /
_cHasan Selçuk Selek ; Hasan Selçuk Selek.
264 1 _aAnkara :
_bSeçkin
_c2008
300 _a222 sayfa
336 _ametin
_btxt
_2rdacontent
337 _aaracısız
_bn
_2rdamedia
338 _acilt
_bnc
_2rdacarrier
490 1 _aTeknik bilimler dizisi ;
_v14
500 _aKaynakça ve dizin var.
500 _aEndüstriyel elektronik -- Elektrik -- Haberleşme -- Endüstriyel otomasyon -- Mekatronik.
650 0 _aAlternatif akım.
_94253
650 0 _aAlternatif akım--Problemler, alıştırmalar, vb.
_949720
830 1 _aTeknik bilimler dizisi ;
_v14
_91984
942 _2lcc
_cBK
999 _c24280
_d24280